Estadísticas para Banderas Pixeladas

Haz click aquí para tomar la prueba!

Estadísticas generales

  • Esta prueba ha sido tomada 2.733 veces
  • La puntuación promedio es 13 de 15

Estadísticas de respuestas

BanderaPaís% Correcto
Canadá
100%
China
99%
Japón
99%
Reino Unido
99%
Australia
98%
Sudáfrica
96%
Chipre
95%
Islandia
94%
Nepal
93%
Macedonia del Norte
92%
Georgia
91%
Tanzania
76%
Baréin
73%
Kuwait
67%
Maldivas
62%

Distribución de puntuación

Porcentaje por número respondido

Porcentaje de gente con cada puntuación

Historial de tus puntuaciones

No has tomado esta prueba